| 000 | 01775nam a2200541 i 4500 | ||
|---|---|---|---|
| 001 | 38573 | ||
| 003 | KOSZ 005 | ||
| 005 | 20200715135757.0 | ||
| 008 | 990511s1999 pl |000 0 pol | ||
| 015 | _aUWD 1999/6423 | ||
| 020 | _a8372004285 | ||
| 035 | _a991010048149705066 | ||
| 035 | _a(PL-WaBN)b12740962-48omnis_nlop | ||
| 035 | _ab12740962 | ||
| 035 | _a(OCoLC)751317380 | ||
| 035 | _a(PL)b0000001274096 | ||
| 035 | _a(EXLNZ-48OMNIS_NETWORK)9910131107905606 | ||
| 040 |
_aWA N _cWA N _dKOSZ 005/HR |
||
| 041 | 1 |
_apol _hger |
|
| 046 | _k1999 | ||
| 080 | _a615.3 | ||
| 080 | _a613.2 | ||
| 080 | _a(083) | ||
| 100 | 1 |
_aElmadfa, Ibrahim _eAutor |
|
| 245 | 1 | 0 |
_aWielkie tabele witamin i składników mineralnych / _cI. Elmadfa, D. Fritzsche ; [tł. Jan Rubinowicz]. |
| 246 | 1 |
_iTyt. oryg.: _aGrosse GU Vitamin und Mineralstoff Tabelle |
|
| 260 |
_aWarszawa : _b"Muza", _c1999. |
||
| 300 |
_a95, [1] s. ; _c19 x 21 cm |
||
| 336 |
_aTekst _btxt _2rdacontent |
||
| 337 |
_aBez urządzenia pośredniczącego _bn _2rdamedia |
||
| 338 |
_aWolumin _bnc _2rdacarrier |
||
| 380 | _aKsiążki | ||
| 388 | _a1901-2000 | ||
| 388 | _a1989-2000 | ||
| 500 | _aTyt. oryg.: "Die grosse GU Vitamin und Mineralstoff Tabelle" 1984. | ||
| 504 | _aBibliogr. s. 92. | ||
| 650 | 7 |
_aMikroelementy _2DBN |
|
| 650 | 7 |
_aWitaminy _2DBN |
|
| 650 | 7 |
_aZdrowe odżywianie _2DBN |
|
| 655 | 7 |
_aTablice i wzory _2DBN |
|
| 658 | _aMedycyna i zdrowie | ||
| 700 | 1 | _aFritzsche, Doris | |
| 700 | 1 |
_aRubinowicz, Jan _eTłumaczenie |
|
| 710 | 2 |
_aMuza _4pbl |
|
| 856 |
_uhttp://koha.tu.koszalin.pl/cgi-bin/koha/opac-detail.pl?biblionumber=38573 _yKatalog online BPK |
||
| 942 |
_2UKD _cKS |
||
| 999 |
_c38573 _d38573 |
||